| 000 | 01061nam a22002297a 4500 | ||
|---|---|---|---|
| 003 | BR-ViAPE | ||
| 005 | 20260513115443.0 | ||
| 008 | 260513m2000 por gsci|| 000 0 por d | ||
| 040 | _cBR-ViAPE | ||
| 245 |
_aCatálogo de documentos manuscritos e avulsos da Capitania do Espírito Santo: _b1585 - 1822 |
||
| 250 | _a2. ed. | ||
| 260 |
_aVitória _bArquivo Público do Estado do Espírito Santo _c2000 |
||
| 300 |
_a162 p. _bLivro disponível em PDF |
||
| 490 |
_aColeção Canaã _vv. 3 |
||
| 500 | _aObra disponibilizada em PDF por integrar a Coleção Canaã do APEES. | ||
| 650 |
_aManuscritos _xHistória _xCapitania _zEspírito Santo (Brasil) |
||
| 651 | _aEspírito Santo (Brasil) | ||
| 710 | _aArquivo Público do Estado do Espírito Santo | ||
| 856 |
_uhttps://ape.es.gov.br/Media/ape/PDF/Livros/Catalogo_Doc_Manuscritos_Portugal1.pdf _yCLIQUE AQUI PARA ACESSAR O DOCUMENTO - parte 1 |
||
| 856 |
_uhttps://ape.es.gov.br/Media/ape/PDF/Livros/Catalogo_Doc_Manuscritos_Portugal2.pdf _yCLIQUE AQUI PARA ACESSAR O DOCUMENTO - parte 2 |
||
| 942 |
_2ddc _cBK _n1 |
||
| 999 |
_c648 _d648 |
||